The Hamlet murders : (Record no. 28149)
[ view plain ]
| 000 -LEADER | |
|---|---|
| fixed length control field | 00734nam a22002297a 4500 |
| 001 - CONTROL NUMBER | |
| control field | sjds |
| 003 - CONTROL NUMBER IDENTIFIER | |
| control field | sjds |
| 005 - DATE AND TIME OF LATEST TRANSACTION | |
| control field | 20230606133557.0 |
| 008 - FIXED-LENGTH DATA ELEMENTS--GENERAL INFORMATION | |
| fixed length control field | 230606b |||||||| |||| 00| 0 eng d |
| 020 ## - INTERNATIONAL STANDARD BOOK NUMBER | |
| International Standard Book Number | 9781552784105 |
| 020 ## - INTERNATIONAL STANDARD BOOK NUMBER | |
| International Standard Book Number | 155278410X |
| 040 ## - CATALOGING SOURCE | |
| Transcribing agency | sjds |
| 041 ## - LANGUAGE CODE | |
| Language code of text/sound track or separate title | eng |
| 100 10 - MAIN ENTRY--PERSONAL NAME | |
| Personal name | Rotenberg, David |
| 245 14 - TITLE STATEMENT | |
| Title | The Hamlet murders : |
| Remainder of title | a Zhong Fong mystery / |
| Statement of responsibility, etc. | David Rotenberg. |
| 246 ## - VARYING FORM OF TITLE | |
| Title proper/short title | The Hamlet murders |
| 260 ## - PUBLICATION, DISTRIBUTION, ETC. (IMPRINT) | |
| Place of publication, distribution, etc. | Toronto, |
| Name of publisher, distributor, etc. | McArthur, |
| Date of publication, distribution, etc. | c2004 |
| 520 ## - SUMMARY, ETC. | |
| Summary, etc. | Summary: Fong investigates the apparent suicide of his dead wife's lover, a Canadian theatre director found hanging from a rope in the Shanghai Theatre Academ |
| 650 ## - SUBJECT ADDED ENTRY--TOPICAL TERM | |
| Topical term or geographic name as entry element | Detective and mystery fiction |
| 651 ## - SUBJECT ADDED ENTRY--GEOGRAPHIC NAME | |
| Geographic name | China |
| Geographic subdivision | Shanghai |
| 942 ## - ADDED ENTRY ELEMENTS (KOHA) | |
| Koha item type | Libro/Book |
| Withdrawn status | Lost status | Damaged status | Not for loan | Home library | Current library | Shelving location | Date acquired | Inventory number | Total Checkouts | Full call number | Barcode | Date last seen | Price effective from | Koha item type |
|---|---|---|---|---|---|---|---|---|---|---|---|---|---|---|
| San Juan Del Sur -- Biblioteca | San Juan Del Sur -- Biblioteca | English | 06/06/2023 | Inventory date: 15-5-25 | M | 30023119 | 06/06/2023 | 06/06/2023 | Libro/Book |